Normal view
MARC view
- Xu, Zhengye.
Entry Personal Name
001 - CONTROL NUMBER
- control field: 48765
003 - CONTROL NUMBER IDENTIFIER
- control field: OSt
005 - DATE AND TIME OF LATEST TRANSACTION
- control field: 20230824100402.0
008 - FIXED-LENGTH DATA ELEMENTS
- fixed length control field: 230824|| aca||aabn | a|a d
040 ## - CATALOGING SOURCE
- Original cataloging agency: OSt
- Transcribing agency: OSt
100 ## - HEADING--PERSONAL NAME
- Personal name: Xu, Zhengye.
- Relator term: author.
670 ## - SOURCE DATA FOUND
- Source citation: Work cat.: (OSt): Xu, Zhengye. author., The influence of sensory-motor components of handwriting on Chinese character learning in second- and fourth-grade Chinese children /, October 2020.
